| 000 | nam a22 7a 4500 | ||
|---|---|---|---|
| 999 |
_c5161 _d5161 |
||
| 005 | 20180903075126.0 | ||
| 008 | 180423b xxu||||| |||| 00| 0 eng d | ||
| 020 |
_a9786218019447 _bpaperback |
||
| 040 |
_beng _cAPEC Schools Library _erda |
||
| 082 |
_aF 700.599 _bD360c 2017 |
||
| 100 | 1 | _aDedal, Jayson L. | |
| 245 | 1 | 0 |
_aContemporary Philippine arts from the regions : _ban appreciation towards national identity / _cJayson L. Dedal. |
| 250 | _aFirst edition. | ||
| 264 |
_aQuezon City, PH : _bCronical, _c©2017. _d[2017]. |
||
| 300 |
_aiv, 91 pages : _bsome illustration ; _c26 cm |
||
| 336 |
_2rdacontent _atext |
||
| 337 |
_2rdamedia _aunmediated |
||
| 338 |
_2rdacarrier _avolume |
||
| 504 | _aIncludes bibliographical references. | ||
| 505 | 2 | _aPreface I -- Dedication ii -- Chapter 1 Integrative Arts as Applied to Contemporary Art 1 -- An Introduction to the Arts Understanding the Arts 2 -- Traditional Art and Contemporary Art 11 -- Contemporary Art Appreciation 18 -- Contemporary Art Forms 22 -- Chapter 2 Contemporary Arts in the Philippines 29 -- Philippine Art 30 -- Philippine Popular Art 37 -- National Artists of the Philippines and Gawad sa Manlilikha ng Bayan 48 -- Chapter 3: Different Contemporary Art Techniques and Performance Practices 61 -- Contemporary Art Practices in the Philippines 62 -- Materials Used in Contemporary Arts 71 -- Techniques in the Creation of Arts 75 -- Chapter 4: Contemporary Arts Production 79 -- Experimentations in Creating Works of Art 80 -- Photography and Digital Art 80 -- Contemporary Arts Production 86 -- Bibliography 91 | |
| 520 | 2 | _a"This book is designed to introduce you to the different contemporary art forms in the Philippine regions. It follows the Department of Education's K-12 Senior High School Curriculum for Contemporary Philippine Arts from the Regions. The chapters are arranged in a developmental pattern to slowly introduce the students from the simplest to the most complex arts. The discussions are interdisciplinary, relating art to other subjects such as social studies, science, current events, and many others. The activities are varied and creative to stir up the imagination. Individual and group activities are also given to deepen the student's comprehension of the different art forms and to develop their appreciation of the art by experiencing it. However, the activities could be modified by the instructor to suit the needs of the class. "-- | |
| 650 | _aArts, Philippine. | ||
| 678 | _aJayson L. Dedal is a graduate of Bachelor of Secondary Education (BSE) with specialization in Music Education at the Philippine Normal University in 2015. He is an active alumni Bass member of the Philippine Normal University Chorale. He is currently a member of the High School faculty of Claret School of Quezon City. He is co-moderator of the Claret Vocal Ensemble. | ||
| 942 |
_2ddc _cBK |
||